Central Library OPAC University of Rajshahi

War and civilization / (Record no. 23181)

MARC details
000 -LEADER
fixed length control field 01033nam a2200289 a 4500
001 - CONTROL NUMBER
control field 23181
003 - CONTROL NUMBER IDENTIFIER
rucl marc code BD-RjUL
005 - DATE AND TIME OF LATEST TRANSACTION
control field 20211209000912.0
008 - FIXED-LENGTH DATA ELEMENTS--GENERAL INFORMATION
fixed length control field 140310s1951 enk b 000 0 eng d
035 ## - SYSTEM CONTROL NUMBER
System control number (BD-RjUL)23246
System control number (BD-RjUL)
040 ## - CATALOGING SOURCE
Original cataloging agency AAWM
Language of cataloging eng
Transcribing agency AAWM
Modifying agency AAWM
-- BD-RjUL
041 ## - LANGUAGE CODE
Language code of text/sound track or separate title eng
082 ## - DEWEY DECIMAL CLASSIFICATION NUMBER
Classification number 901
Author mark and year TOW
100 1# - MAIN ENTRY--PERSONAL NAME
Personal name Toynbee, Arnold Joseph,
Dates associated with a name 1889-1975.
9 (RLIN) 71378
245 10 - TITLE STATEMENT
Title War and civilization /
Statement of responsibility, etc. Arnold J. Toynbee ; selected by Albert Vann Fowler.
260 ## - PUBLICATION, DISTRIBUTION, ETC. (IMPRINT)
Place of publication, distribution, etc. London :
Name of publisher, distributor, etc. Oxford University Press,
Date of publication, distribution, etc. 1951.
300 ## - PHYSICAL DESCRIPTION
Pagination 165 p. ;
Size 22 cm.
500 ## - GENERAL NOTE
General note Selections from: A study of history / Arnold J. Toynbee.
General note "Issued under the auspices of the Royal Institute of International Affairs."
General note Review: New York Times Book Review, 8th Oct. 1950 p.6.
504 ## - BIBLIOGRAPHY, ETC. NOTE
Bibliography, etc Includes bibliographical references.
650 #0 - SUBJECT ADDED ENTRY--TOPICAL TERM
Topical term or geographic name as entry element War and civilization.
9 (RLIN) 71454
Topical term or geographic name as entry element War
General subdivision History.
9 (RLIN) 23019
700 1# - ADDED ENTRY--PERSONAL NAME
Personal name Toynbee, Arnold,
Dates associated with a name 1889-1975.
942 ## - ADDED ENTRY ELEMENTS (KOHA)
Source of classification or shelving scheme Dewey Decimal Classification
Koha item type Books
Holdings
Lost status Source of classification or shelving scheme Damaged status Not for loan Collection code Permanent Location Current Location Shelving location Date acquired Source of acquisition Cost, normal purchase price Total Checkouts Full call number Date last seen Copy number Koha item type Date checked out
  Dewey Decimal Classification     Non-fiction Central Library, University of Rajshahi Central Library, University of Rajshahi   28/09/1955 B.H. black well 105.00   901 TOW 1951 10/03/2014 C-2 Books  
  Dewey Decimal Classification   Added to bundle Non-fiction Central Library, University of Rajshahi Central Library, University of Rajshahi Reading Room 24/01/1955 M.B.P. dacca 6.90   901 TOW 1951 10/03/2014 C-1 Books  
  Dewey Decimal Classification     Non-fiction Central Library, University of Rajshahi Central Library, University of Rajshahi   14/09/1964 Zeitlinger 15.00 1 901 TOW 1951 13/09/2020 C-3 Books 27/08/2020
  Dewey Decimal Classification   Added to bundle Non-fiction Central Library, University of Rajshahi Central Library, University of Rajshahi Reading Room 25/07/1955 D. U. P 5.40   901 TOW 1951 10/03/2014 C-1 Books